Eastern Utah Libraries Catalog: Duchesne, Heber, Roosevelt, & Vernal

Venom / (Record no. 239569)

MARC details
000 -LEADER
fixed length control field 04989cgm a2200949Ii 4500
001 - CONTROL NUMBER
control field on1076912699
003 - CONTROL NUMBER IDENTIFIER
control field OCoLC
005 - DATE AND TIME OF LATEST TRANSACTION
control field 20181219085222.0
007 - PHYSICAL DESCRIPTION FIXED FIELD--GENERAL INFORMATION
fixed length control field vd cvaizq
008 - FIXED-LENGTH DATA ELEMENTS--GENERAL INFORMATION
fixed length control field 181203s2018 cau112 vleng d
040 ## - CATALOGING SOURCE
Original cataloging agency TEFMT
Language of cataloging eng
Description conventions rda
Transcribing agency TEFMT
Modifying agency TEF
-- GK5
-- INO
-- RB0
-- CLE
-- OCP
-- UINTA
024 1# - OTHER STANDARD IDENTIFIER
Standard number or code 043396530188
028 42 - PUBLISHER NUMBER
Publisher number 53018
Source Sony Pictures Home Entertainment
028 42 - PUBLISHER NUMBER
Publisher number 3842783
Source Sony Pictures Home Entertainment
-- (disc)
035 ## - SYSTEM CONTROL NUMBER
System control number (OCoLC)1076912699
037 ## - SOURCE OF ACQUISITION
Source of stock number/acquisition Midwest Tape
Note http://www.midwesttapes.com
041 1# - LANGUAGE CODE
Language code of text/sound track or separate title eng
-- fre
-- spa
-- eng
-- fre
-- spa
Language code of original and/or intermediate translations of text eng
050 #4 - LIBRARY OF CONGRESS CALL NUMBER
Classification number PN1997.2
Item number .V46 2018
082 04 - DEWEY DECIMAL CLASSIFICATION NUMBER
Classification number 791.43/72
Edition number 23
049 ## - LOCAL HOLDINGS (OCLC)
Holding library UCLB
245 00 - TITLE STATEMENT
Title Venom /
Statement of responsibility, etc Columbia Pictures presents ; in association with Marvel and Tencent Pictures ; produced by Avi Arad, Matt Tomach, Amy Pascal ; screenplay by Jeff Pinker & Scott Rosenberg and Kelly Marcel ; screen story by Jeff Pinkner & Scott Rosenberg ; directed by Ruben Fleischer.
250 ## - EDITION STATEMENT
Edition statement [English/French/Spanish version]
257 ## - COUNTRY OF PRODUCING ENTITY FOR ARCHIVAL FILMS
Country of producing entity United States
-- China
-- naf
264 #1 - Production, Publication, Distribution, Manufacture, and Copyright Notice.
Place of production, publication, distribution, manufacture Culver City, CA :
Name of producer, publisher, distributor, manufacturer Sony Pictures Home Entertainment,
Date of production, publication, distribution, manufacture, or copyr [2018]
300 ## - PHYSICAL DESCRIPTION
Extent 1 videodisc (approximately 112 min.) :
Other physical details sound, color ;
Dimensions 4 3/4 in.
336 ## - Content Type
Content type term two-dimensional moving image
337 ## - Media type
Media type term video
338 ## - Carrier type
Carrier type term videodisc
344 ## -
-- digital
-- rdatr
344 ## -
-- optical
-- rdarm
344 ## -
-- surround
-- rdacpc
344 ## -
-- Dolby digital 5.1
347 ## -
-- video file
-- rdaft
347 ## -
-- DVD video
347 ## -
-- region 1
-- rdare
380 ## -
-- Motion pictures
-- lcgft
538 ## - SYSTEM DETAILS NOTE
System details note DVD, region 1, wide screen (2.40:1); Dolby digital 5.1; described video.
546 ## - LANGUAGE NOTE
Language note English, French or Spanish dialogue; English, French or Spanish subtitles; subtitled for the deaf and hard of hearing (SDH); described video (English or French).
511 1# - PARTICIPANT OR PERFORMER NOTE
Participant or performer note Tom Hardy, Michelle Williams, Riz Ahmed, Scott Haze, Reid Scott.
508 ## - CREATION/PRODUCTION CREDITS NOTE
Creation/production credits note Director of photography, Matthew Libatique ; editors, Maryann Brandon, Alan Baumgarten ; music, Ludwig G�oransson.
500 ## - GENERAL NOTE
General note Originally released as a motion picture in 2018.
500 ## - GENERAL NOTE
General note Based on the Marvel comics.
500 ## - GENERAL NOTE
General note Wide screen.
521 8# - TARGET AUDIENCE NOTE
Target audience note MPAA rating: PG-13; for intense sequences of sci-fi violence and action, and for language.
520 ## - SUMMARY, ETC.
Summary, etc Investigative journalist Eddie Brock attempts a comeback following a scandal, but accidentally becomes the host of an alien symbiote that gives him a violent super alter-ego. Soon, he must rely on his newfound powers to protect the world from a shadowy organization looking for a symbiote of their own.
500 ## - GENERAL NOTE
General note Special features: Spider-man: Into the Spider-verse sneak peek; music videos.
650 #0 - SUBJECT ADDED ENTRY--TOPICAL TERM
Topical term or geographic name as entry element Human-alien encounters
Form subdivision Drama.
9 (RLIN) 5698344
650 #0 - SUBJECT ADDED ENTRY--TOPICAL TERM
Topical term or geographic name as entry element Personality
Form subdivision Drama.
9 (RLIN) 5760955
655 #7 - INDEX TERM--GENRE/FORM
Genre/form data or focus term Feature films.
Source of term lcgft
9 (RLIN) 102699
655 #7 - INDEX TERM--GENRE/FORM
Genre/form data or focus term Fiction films.
Source of term lcgft
9 (RLIN) 5674705
655 #7 - INDEX TERM--GENRE/FORM
Genre/form data or focus term Action and adventure films.
Source of term lcgft
9 (RLIN) 5674017
655 #7 - INDEX TERM--GENRE/FORM
Genre/form data or focus term Superhero films.
Source of term lcgft
9 (RLIN) 102758
655 #7 - INDEX TERM--GENRE/FORM
Genre/form data or focus term Science fiction films.
Source of term lcgft
9 (RLIN) 102750
655 #7 - INDEX TERM--GENRE/FORM
Genre/form data or focus term Video recordings for people with visual disabilities.
Source of term lcgft
9 (RLIN) 5676923
655 #7 - INDEX TERM--GENRE/FORM
Genre/form data or focus term Video recordings for the hearing impaired.
Source of term lcgft
9 (RLIN) 5760956
655 #4 - INDEX TERM--GENRE/FORM
Genre/form data or focus term Video recordings for people with visual disabilities.
Materials specified 2lcgft.
9 (RLIN) 5676923
700 1# - ADDED ENTRY--PERSONAL NAME
Personal name Arad, Avi,
Relator term film producer.
9 (RLIN) 71185
700 1# - ADDED ENTRY--PERSONAL NAME
Personal name Tolmach, Matt,
Relator term film producer.
9 (RLIN) 5760957
700 1# - ADDED ENTRY--PERSONAL NAME
Personal name Pascal, Amy,
Dates associated with a name 1958-
Relator term film producer.
9 (RLIN) 5760958
700 1# - ADDED ENTRY--PERSONAL NAME
Personal name Pinkner, Jeff,
Relator term screenwriter.
9 (RLIN) 5760959
700 1# - ADDED ENTRY--PERSONAL NAME
Personal name Rosenberg, Scott,
Relator term screenwriter.
9 (RLIN) 45148
700 1# - ADDED ENTRY--PERSONAL NAME
Personal name Fleischer, Ruben,
Relator term film director.
9 (RLIN) 5760960
700 1# - ADDED ENTRY--PERSONAL NAME
Personal name Hardy, Tom,
Dates associated with a name 1977-
Relator term actor.
9 (RLIN) 5760961
700 1# - ADDED ENTRY--PERSONAL NAME
Personal name Williams, Michelle,
Dates associated with a name 1980-
Relator term actor.
9 (RLIN) 65911
700 1# - ADDED ENTRY--PERSONAL NAME
Personal name Ahmed, Riz,
Dates associated with a name 1982-
Relator term actor.
9 (RLIN) 5760962
700 1# - ADDED ENTRY--PERSONAL NAME
Personal name Haze, Scott,
Relator term actor.
9 (RLIN) 5760963
700 1# - ADDED ENTRY--PERSONAL NAME
Personal name Scott, Reid,
Dates associated with a name 1977-
Relator term actor.
9 (RLIN) 5760964
700 1# - ADDED ENTRY--PERSONAL NAME
Personal name G�oransson, Ludwig,
Dates associated with a name 1984-
Relator term composer (expression)
9 (RLIN) 5760965
700 1# - ADDED ENTRY--PERSONAL NAME
Personal name Libatique, Matthew,
Dates associated with a name 1969-
Relator term director of photography.
9 (RLIN) 69448
700 1# - ADDED ENTRY--PERSONAL NAME
Personal name Baumgarten, Alan,
Dates associated with a name 1957-
Relator term editor of moving image work.
9 (RLIN) 5760966
700 1# - ADDED ENTRY--PERSONAL NAME
Personal name Brandon, Maryann,
Relator term editor of moving image work.
9 (RLIN) 5760967
710 2# - ADDED ENTRY--CORPORATE NAME
Corporate name or jurisdiction name as entry element Columbia Pictures,
Relator term presenter.
9 (RLIN) 23896
710 2# - ADDED ENTRY--CORPORATE NAME
Corporate name or jurisdiction name as entry element Marvel Entertainment Group,
Relator term presenter.
9 (RLIN) 32039
710 2# - ADDED ENTRY--CORPORATE NAME
Corporate name or jurisdiction name as entry element Tencent Pictures,
Relator term presenter.
9 (RLIN) 5760968
710 2# - ADDED ENTRY--CORPORATE NAME
Corporate name or jurisdiction name as entry element Sony Pictures Home Entertainment (Firm),
Relator term publisher.
9 (RLIN) 71947
730 02 - ADDED ENTRY--UNIFORM TITLE
-- Container of (work):
Uniform title Venom (Motion picture)
9 (RLIN) 5760969
730 02 - ADDED ENTRY--UNIFORM TITLE
-- Container of (expression):
Uniform title Venom (Motion picture).
Language of a work French.
9 (RLIN) 5760970
730 02 - ADDED ENTRY--UNIFORM TITLE
-- Container of (expression):
Uniform title Venom (Motion picture).
Language of a work Spanish.
9 (RLIN) 5760971
856 7# - ELECTRONIC LOCATION AND ACCESS
Materials specified Click here to view cover art
Uniform Resource Identifier <a href="http://midwesttapes.com/images/movies/12225685.gif">http://midwesttapes.com/images/movies/12225685.gif</a>
Access method http
856 7# - ELECTRONIC LOCATION AND ACCESS
Materials specified View cover art
Uniform Resource Identifier <a href="http://midwesttapes.com/images/movies/000/000/000/012/225/000000000012225685.jpg">http://midwesttapes.com/images/movies/000/000/000/012/225/000000000012225685.jpg</a>
Access method http
994 ## -
-- C0
-- UINTA
Holdings
Withdrawn status Lost status Source of classification or shelving scheme Damaged status Not for loan Collection code Home library Current library Shelving location Date acquired Source of acquisition Cost, normal purchase price Total Checkouts Total Renewals Full call number Barcode Date last seen Date checked out Cost, replacement price Price effective from Koha item type
    Dewey Decimal Classification     Movies Wasatch County Library Wasatch County Library Audio Visual Area 01/25/2019 Amazon 30.99 42 23 DVD Ven 34301001623901 01/14/2026 01/05/2026 30.99 03/20/2020 DVD
This project was made possible through a grant from the Institute of Museum and Library Service administered by the Utah State Library Division.

Wasatch County Library

  • 465 East 1200 South, Heber City, Utah 84032
  • Phone 435-654-1511 | Fax 435-654-6456

Hours

  • Monday - Friday 9:30 AM - 8:00 PM
  • Saturday 9:30 AM - 1:30 PM
  • Closed Sundays and Holidays